000
00266nam a22001097a 4500
999
_c
4835
_d
4835
008
250325b ||||| |||| 00| 0 eng d
082
_a
823.92 THO
100
_a
THOMAS,VALERIE
245
_a
WILBUR'S BOOK OF FEELINGS
260
_b
OXFORD UNIVERSITY PRESS
942
_2
ddc